Science Quiz

Random Science or Astronomy Quiz

Constellations By Letter Quiz Stats

Quiz Updated Dec 22, 2011

Challenge
Share
Tweet
Embed
Score 0/19 Timer 04:00
0 Plays Today
Letter Constellation % Correct
OOctans, Ophiuchus...
85.5%
AAndromeda, Antlia...
84.1%
LLacerta, Leo...
79.4%
CCaelum, Camelopardalis...
77.9%
UUrsa Major, Ursa Minor
66.5%
TTaurus, Telescopium...
64.6%
PPavo, Pegasus...
63.8%
GGemini, Grus...
62.3%
VVela, Virgo...
60.9%
SSagitta, Sagittarius...
59.9%
Letter Constellation % Correct
HHercules, Horologium...
38.3%
DDelphinus, Dorado...
31.9%
BBoötes
20.3%
MMensa, Microscopium...
13.5%
EEquuleus, Eridanus
12.3%
FFornax
11.7%
IIndus
10.5%
RReticulum
9%
NNorma
8.7%

You're not logged in!

Compare scores with friends on all Sporcle quizzes.
Join for Free
OR
Log In

You Might Also Like...

Show Comments

Extras

Top Quizzes Today


Score Distribution

Your Account Isn't Verified!

In order to create a playlist on Sporcle, you need to verify the email address you used during registration. Go to your Sporcle Settings to finish the process.

Report this User

Report this user for behavior that violates our Community Guidelines.

Details: